Normal view
MARC view
Entry Personal Name
001 - CONTROL NUMBER
- control field: 14046
003 - CONTROL NUMBER IDENTIFIER
- control field: BD-DhEWU
005 - DATE AND TIME OF LATEST TRANSACTION
- control field: 20140630152838.0
008 - FIXED-LENGTH DATA ELEMENTS
- fixed length control field: 140630|| aca||aabn | a|a d
040 ## - CATALOGING SOURCE
- Original cataloging agency: BD-DhEWU
- Transcribing agency: BD-DhEWU
100 ## - HEADING--PERSONAL NAME
- Personal name: Allen, Graham,
- Dates associated with a name: 1963-
670 ## - SOURCE DATA FOUND
- Source citation: Work cat.: (BD-DhEWU)5956: Allen, Graham, 1963-, Intertextuality /, 2000.